| 000 | 00452nam a2200157 i 4500 | ||
|---|---|---|---|
| 001 | 85917 | ||
| 003 | ES-MaACL | ||
| 007 | t| | ||
| 008 | 041202s1971 xxr ||||1| spa d | ||
| 100 | 1 |
_aKaganov, I. L. _967405 |
|
| 245 | 1 | 0 |
_aElectrónica industrial / _cI.L. Kaganov ; traducido del ruso por A. Grdian. |
| 260 |
_aMoscú : _bMir, _c1971. |
||
| 300 |
_a509 p. : _bil. ; _c25 cm. |
||
| 700 | 1 |
_aGrdian, A. _959814 |
|
| 852 |
_aES-MaACL _jE-5276 _bR.89478 |
||
| 999 |
_c85917 _d85917 |
||